Manual de plagas y enfermedades del bosque nativo en Chile: asistencia para la recuperación y revitalización de los bosques templados de Chile, con énfasis en los Nothofagus Caducifolios
Gardado en:
| Main Authors: | , |
|---|---|
| Formato: | Libro |
| Idioma: | Lingua castelá |
| Publicado: |
Santiago
Organización de las Naciones Unidas para la Agricultura y la Alimentación
2008
|
| Edición: | 1a. ed |
| Subjects: | |
| Tags: |
Engadir etiqueta
Sen Etiquetas, Sexa o primeiro en etiquetar este rexistro!
|
MARC
| LEADER | 00000cam a2200000 a 4500 | ||
|---|---|---|---|
| 001 | UCC3083 | ||
| 003 | CL-VaPUC | ||
| 008 | 180413e20080700cl |||||||||||||||||spa|d | ||
| 020 | |a 9789253060153 | ||
| 082 | 0 | 4 | |a 577.3 |b BAL |2 21 |
| 100 | 0 | |a Baldini Urrutia, Aída R |e author |9 597144 | |
| 700 | 0 | |a Alvarado Ojeda, Andrea |e author |9 597145 | |
| 245 | 1 | 0 | |a Manual de plagas y enfermedades del bosque nativo en Chile: asistencia para la recuperación y revitalización de los bosques templados de Chile, con énfasis en los Nothofagus Caducifolios |
| 250 | |a 1a. ed | ||
| 300 | |a 240 p | ||
| 942 | |c BK | ||
| 945 | |d 20180413 15:45:00 |a arojas | ||
| 260 | |a Santiago |b Organización de las Naciones Unidas para la Agricultura y la Alimentación |c 2008 | ||
| 650 | 7 | |a PLAGAS |2 CL-VaPUC |9 264624 | |
| 650 | 0 | |a Enfermedades |9 263059 | |
| 650 | 7 | |a BOSQUES NATIVOS |2 CL-VaPUC |9 373720 | |
| 651 | 7 | |a CHILE |2 CL-VaPUC |9 597146 | |
| 583 | |a last modification |c 20190725 12:10:40 |k Rodrigo Vera | ||
| 999 | |c 370938 |d 370936 | ||
| 952 | |0 0 |1 0 |3 erb |4 0 |6 577_300000000000000_BAL_2008 |7 0 |8 A |9 487726 |a BIBAGR |b BIBAGR |i 5462541 |o 577.3 BAL 2008 |p 5462541 |r 2025-01-20 |w 2019-11-24 |y BK |z Catalogado en:20180413 |k AGR | ||